| 000 | 01325nam a2200325 u 4500 | ||
|---|---|---|---|
| 001 | 000697482 | ||
| 003 | AM-YeHGA | ||
| 005 | 20250617142452.0 | ||
| 008 | 091113s1970 ||||||||||||||||||||rus|c | ||
| 040 | _aAM-YeHGA | ||
| 041 | 1 |
_arus _heng |
|
| 100 | 1 | _aДэвис, С. | |
| 245 | 1 | 0 |
_aГидрогеология : _bПерев. с англ. / _cС. Дэвис, Р. де Уист ; Пер. с англ. В.А. Иванова ; Под ред. В.Н. Кунина, И.С. Зекцера. |
| 246 | 1 | 5 |
_aHydrogeology _bStanley N. Davis, Roger J.M. De Wiest |
| 260 |
_aМосква : _bМир, _c1970. |
||
| 300 | _aТ. | ||
| 440 | 0 | _aНауки о земле : Фундаментальные труды зарубежных ученых по геологии, геофизике и геохимии | |
| 500 | _aПрилож. : с. 248-250 | ||
| 500 | _aПредм. указ. : с. 251-252 | ||
| 504 | _aЛит. в конц. глав. | ||
| 505 | 1 | 0 | _gТ. 2 (1970., 256 с., рис.,табл., 27 см.) |
| 650 | 1 | 4 | _aГидрогеология |
| 650 | 1 | 4 | _aГеофизика |
| 650 | 1 | 4 | _aГеохимия |
| 700 | 1 | _aДе Уист, Р. | |
| 700 | 1 |
_aИванов, В.А. _eпер. _4trl |
|
| 700 | 1 |
_aКунин, В.Н. _eред. _4edt |
|
| 700 | 1 |
_aЗекцер, И.С. _eред. _4edt |
|
| 090 | _c260095 | ||
| 999 |
_c258488 _d258488 |
||